00388 2200157 4500001002100000008004100021035002000062245003100082100001600113260002300129300002200152020002200174084001400196082000800210990001200218INLIS000000000002833 IND  a0010-0925000180 aRindu SahabatcAster Putih aAster Putih bRumah Oranyec2014 a192c(13 x 19 cm) a978-602-1588-28-2 a813 AST r a813 a0755055